000 02424nam2a2200325 4500
001 RU\NLR\bibl\2015440
005 20260405195640.0
010 _a978-5-98589-050-1
_bт. 11
_9500
021 _aRU
_b2013-16452
_91167
035 _a(NLR Aleph) 002003847
090 _a4397307
_c4397307
100 _a20130325d2012 |||y0rusy50 ca
101 0 _arus
102 _aRU
105 _aac |||||||||
200 1 _aИмплантаты с памятью формы в хирургии
_f[Георгий Цыренович Дамбаев, д.м.н., проф., чл.-корр. Рос. акад. мед. наук, акад. Междунар. акад. (A-SME) имплантатов с памятью формы, Виктор Эдуардович Гюнтер, Рашид Валиевич Зиганьшин и др.]
_gНИИ мед. материалов и имплантатов с памятью формы Сиб. физ.-техн. ин-та при Том. гос. ун-те, Сиб. гос. мед. ун-т
210 _aТомск
_cИзд-во МИЦ
_d2012
215 _a397 с., [1] л. цв. портр.
_cил., цв. ил.
_d26
320 _aБиблиогр.: с. 375-386 (242 назв.), с. 387-389 (11 назв.), 390-397 (140 назв.)
461 0 _1001RU\NLR\bibl\1525296
_12001#$aМедицинские материалы и имплантаты с памятью формы$vТ. 11
_9114221
_cТомск
_d2009
_f[Сергей Иванович Шкуратов, Виктор Эдуардович Гюнтер, Георгий Цыренович Дамбаев и др.]
_nНИИ медицинских материалов и имплантатов с памятью формы СФТИ при ТГУ
_o(в 14 т.)
_tМедицинские материалы и имплантаты с памятью формы
_y978-5-98589-036-5
_vТ. 11
606 1 _aИмплантаты титановые с памятью формы
_xПрименение в хирургии
_92156403
_3RU\NLR\auth\661602834
686 _aР45с3
701 1 _4070
_8rus
_7ca
_aДамбаев
_bГ. Ц.
_f1942-
_gГеоргий Цыренович
_3RU\NLR\auth\7787311
_970239
701 1 _aГинтер
_bВ. Э.
_gВиктор Эдуардович
_4070
701 1 _aЗиганьшин
_bР. В.
_gРашид Валиевич
_4070
801 0 _aRU
_bNLR
_c20130325
_gRCR
801 1 _aRU
_bNLR
_c20130325
942 _cBOOK
980 _aNB